000 00446cam a22001571a 4500
008 131009b xxu||||| |||| 00| 0 ger
020 _a3499168197
041 _ager
080 _a007:57
100 1 _aCube, Felix von.
245 1 0 _aTechnik des Lebendigen :
_cFelix von Cube.
260 _aStuttgart :
_bDeutsche Verlags-Anstalt,
_c1970.
300 _a118 f. :
_bme il. ;
_c25 cm.
650 0 _aKibernetika
942 _2udc
_cBK
999 _c56
_d56